都市名から気候当て4 - Statistics

General Stats
  • This quiz has been taken 26 times
  • The average score is 8 of 20
Answer Stats
Hint Extra Hint Answer % Correct
ローマ イタリアの首都、ローマがバチカン市国全体を覆う、世界遺産多め Cs
73%
ドバイ アラブ首長国連邦の人口最大の都市、世界一高いビルであるブルジュ・ハリファが有名 BW
68%
旭川市 北海道内陸部の都市、ラーメンが有名、日本最低気温記録あり-41℃ Df
68%
ベレン ブラジルのアマゾン川河口の都市、定期テストに出ましたね Af
64%
済州市(チェジュ) 韓国の中では比較的温暖でリゾート地 Cfa
64%
バルセロナ スペインの都市、FCバルセロナの所在地、ベイブレードのアニメの聖地 Cs
64%
サンクトペテルブルク ロシアの大都市、ソ連崩壊までレニングラード、ロシア革命の発端の地 Df
59%
ハルビン(哈爾浜) 東北地方の都市、ハルビン駅で伊藤博文が暗殺された Dw
50%
台北(タイペイ) 台湾北部にある都市、台湾総督府があった Cfa
45%
キエフ ウクライナの首都、「キーウ」はキモい Df
41%
テヘラン イランの首都、標高が高い、迷路型の都市を形成 BS
36%
ラゴス ナイジェリアの人口最大の都市、ビアフラ戦争により首都移転でアブジャに Aw
32%
平壌(ピョンヤン) 北朝鮮の首都、独裁国家なだけあって首都がきれい、地下鉄もある Dw
27%
ヤンゴン ミャンマーの人口最大の都市、エーヤワディー川がつくる三角州にある Am
23%
南鳥島 日本最東端の島、一般人は行くことができない、排他的経済水域が日本最大 Aw
23%
ハロン ベトナム北部の観光都市、今日好き見た? Cw
23%
武漢(ウーハン) 中国長江沿いの大都市、鉄鋼業が盛ん、新型コロナウイルスの発生地 Cfa
18%
レイキャビク アイスランドの首都、人口が少ないので遠い遺伝子がわかるアプリがある Cfc
18%
チェラプンジ インド北部の小さな町、降水量がすごい Cw
14%
室蘭市 北海道の胆振地方南部の都市、鉄鋼の生産が盛ん Cfb
5%
No matching quizzes found
Score Distribution
Percent of People with Each Score
Percentile by Number Answered
Your Score History
You have not taken this quiz